000 00829cam a2200289 4500
001 J385
008 090401t1991 xxu||||| |||| 00| 0 eng d
035 _a(Sirsi) u74652
041 _aeng
050 _a332.6324
110 _aGooch and Wagstaff
_93303
245 _aGooch & Wagstaff/IPD large properties review - update 1991.
260 _aLondon
_bGooch and Wagstaff
_c1991
300 _a1 folded sheet(4p.) ; 30cm.
350 _a0
650 _aINDICES
650 _aINDUSTRIAL PROPERTY
650 _aINSTITUTIONAL INVESTMENT
650 _aLARGE PROPERTIES
650 _aOFFICES
650 _aPROPERTY INVESTMENT
650 _aSHOPS
690 _aPROPERTY-COMMERCIAL PROPERTY-COMMERCIAL PROPERTY FINANCE AND INVESTMENT
710 _aInvestment Property Databank
_92288
942 _n0
948 _c04/03/1997
999 _c95901
_d95901